Normal view
MARC view
- Vinayak, M .Gharpure
Entry Personal Name
001 - CONTROL NUMBER
- control field: 7766
003 - CONTROL NUMBER IDENTIFIER
- control field: OSt
005 - DATE AND TIME OF LATEST TRANSACTION
- control field: 20250823151344.0
008 - FIXED-LENGTH DATA ELEMENTS
- fixed length control field: 250823|| aca||aabn | a|a d
040 ## - CATALOGING SOURCE
- Original cataloging agency: OSt
- Transcribing agency: OSt
100 ## - HEADING--PERSONAL NAME
- Personal name: Vinayak, M .Gharpure
670 ## - SOURCE DATA FOUND
- Source citation: Work cat.: (OSt)1569: Vinayak, M .Gharpure., Text book of water supply engineering / , 1964.
